| 000 | 01030am a2200337a 44500 | ||
|---|---|---|---|
| 003 | AR-BaBNM | ||
| 005 | 20251128211048.0 | ||
| 008 | 212020s2001 #AR|||||||||||000 | esp|| | ||
| 020 | _a84-88295-42-1 | ||
| 040 | _cAR-BaBNM | ||
| 111 | 2 |
_aSemana monográfica _n15ª _d2000 _cMadrid |
|
| 245 | 1 | 0 |
_aAprender para el futuro _bEducación a favor de la dignidad |
| 260 |
_aMadrid _bFundación Santillana _c2001 |
||
| 300 | _a192 p. | ||
| 490 | 0 | _aDocumentos de un debate | |
| 504 | _aContiene referencias bibliográficas al final de cada capítulo | ||
| 650 | 4 | _aEDUCACION Y DESARROLLO | |
| 650 | 4 | _aDESARROLLO HUMANO | |
| 650 | 4 | _aDESARROLLO SOCIAL | |
| 650 | 4 | _aINTEGRACION ESCOLAR | |
| 650 | 4 | _aEDUCACION ESPECIAL | |
| 650 | 4 | _aDEMOCRATIZACION DE LA EDUCACION | |
| 650 | 4 | _aEDUCACION PARA LA PAZ | |
| 650 | 4 | _aEDUCACION MULTICULTURAL | |
| 653 | _aDESARROLLO SUSTENTABLE | ||
| 653 | _aDISCRIMINACION EDUCATIVA | ||
| 653 | _aEDUCACION EN LA DIVERSIDAD | ||
| 653 | _aEQUIDAD | ||
| 942 | _cBK | ||
| 998 | _calex | ||
| 999 |
_c18063 _d18063 |
||